| 000 | 00679nam a22002057a 4500 | ||
|---|---|---|---|
| 999 |
_c166469 _d166469 |
||
| 010 | _aENG-126069 | ||
| 020 |
_a978-93-8472-665-2 _c1295.00 |
||
| 035 | _aEN-109601 | ||
| 037 | _bDBAD?PUB | ||
| 082 | _a621.992 | ||
| 100 | _aVenkataraman,K. | ||
| 245 |
_aDesign of Jigs, Fixtures and Press Tools / _cbyK.Venkataraman |
||
| 250 |
_aSecond Edition _bK.Venkataraman |
||
| 260 |
_aNew Delhi _bAne Books Pvt. Ltd. _c2018 |
||
| 270 | _a4821, Parwana Bhawan, 1st floor, 24 Ansari Road, Darya Ganj. | ||
| 300 |
_avarious pages _c25cm (hb) |
||
| 500 | _aits includes index and bibliography | ||
| 700 | _aK.Venkataraman | ||
| 942 |
_2ddc _cEN _eSecond _h621.992 _mVEN |
||